[Event "DEN-ch Seniors"]
[Site "Aalborg"]
[Date "2023.02.19"]
[Round "5"]
[White "Matras, Ove"]
[Black "Falberg, Hugo"]
[Result "0-1"]
[WhiteElo "1787"]
[BlackElo "1902"]
[PlyCount "68"]
[EventDate "2023.02.19"]
[EventType "swiss"]
[EventRounds "7"]
[EventCountry "DEN"]
[SourceTitle "CBM 213 Extra"]
[Source "ChessBase"]
[SourceDate "2023.05.31"]
[SourceVersion "1"]
[SourceVersionDate "2023.05.31"]
[SourceQuality "1"]

1. g3 f5 2. b3 Nf6 3. Bb2 e6 4. Bg2 Be7 5. d3 d5 6. Nd2 0-0 7. f4 Ng4 8. Nf1 d4 9. h3 Bb4+ 10. Nd2 Ne3 11. Qc1 Nxg2+ 12. Kf2 Bxd2 13. Qxd2 Ne3 14. Nf3 Nd5 15. Bxd4 Nc6 16. Bb2 Bd7 17. c4 Nf6 18. Rag1 Qe7 19. Qc3 Rad8 20. a3 Be8 21. e3 Bg6 22. b4 a6 23. b5 axb5 24. cxb5 Nd5 25. Qc2 Nb8 26. Ne5 Nd7 27. e4 fxe4 28. dxe4 Nxe5 29. Bxe5 Qxa3 30. Re1 Rf7 31. Qd2 Rfd7 32. exd5 Rxd5 33. Qe3 Rd3 34. Qc1 Rf3+ 0-1

[Event "DEN-ch Seniors 65"]
[Site "Logumkloster"]
[Date "2020.02.12"]
[Round "4"]
[White "Falberg, Hugo"]
[Black "Gjelstrup, Ole"]
[Result "0-1"]
[WhiteElo "1826"]
[BlackElo "1516"]
[PlyCount "52"]
[EventDate "2020.02.09"]
[EventType "swiss"]
[EventRounds "7"]
[EventCountry "DEN"]
[SourceTitle "EXT 2021"]
[Source "ChessBase"]
[SourceDate "2020.10.23"]
[SourceVersion "1"]
[SourceVersionDate "2020.10.23"]
[SourceQuality "1"]

1. f4 d5 2. Nf3 Nf6 3. e3 Bg4 4. Be2 Bxf3 5. Bxf3 Nbd7 6. 0-0 e5 7. d4 e4 8. Be2 Bd6 9. Qe1 h6 10. b4 Qe7 11. Bd2 g5 12. c4 c6 13. c5 Bc7 14. g3 Qe6 15. f5 Qe7 16. Nc3 g4 17. Qd1 h5 18. Be1 Nh7 19. b5 Ng5 20. bxc6 bxc6 21. Rb1 Nf3+ 22. Kh1 h4 23. Bxf3 hxg3 24. Bxg4 Rxh2+ 25. Kg1 Qh4 26. Bf3 Rh1+ 0-1